000 00424nam a22001697a 4500
003 OSt
005 20211117103516.0
008 211117b |||||||| |||| 00| 0 eng d
020 _a0-316-551864
040 _aDDC
_cHU
082 _22ND
_a616.025
_b2
100 _aMAY HAROLD L.
_918868
245 _aEMERGENCY MEDICINE VOLUME 1
250 _a2ND
260 _aBOSTON
_bLITTLE BROWN AND COMPANY
_c1992
942 _2ddc
_cBOOKS
_n0
999 _c18662
_d18662